Crónicas de Calca II / (Record no. 23342)

000 -CABECERA
fixed length control field 00718nam a22001937i 4500
003 - IDENTIFICADOR DEL NÚMERO DE CONTROL
control field AR-CdUCM
008 - DATOS DE LONGITUD FIJA--INFORMACIÓN GENERAL
fixed length control field 250725b20182018 pe||||| |||| 00| 0 spa d
040 ## - FUENTE DE LA CATALOGACIÓN
Agencia/entidad que catalogó originalmente la obra MUNICIPALIDAD PROVINCIAL DEL CUSCO
Entidad que transcribió la catalogación BIBLIOTECA MUNICIPAL DEL CUSCO
082 ## - NÚMERO DE LA CLASIFICACIÓN DECIMAL DEWEY
No. de Clasificación 985.613 / C513
Notacion interna C513
100 ## - ENTRADA PRINCIPAL--NOMBRE DE PERSONA
Nombre Personal Chacón Chacón, Víctor
245 ## - MENCIÓN DE TÍTULO
Título Crónicas de Calca II /
260 ## - PUBLICACIÓN, DISTRIBUCIÓN, ETC.
Lugar de publicación, distribución, etc. Cusco :
Nombre de la editorial, distribuidor, etc. Autor Editor
Fecha de publicación, distribución, etc. 2018
300 ## - DESCRIPCIÓN FÍSICA
Nº de Páginas Extensión 94 páginas. :
Dimensiones 21x15 cm.
500 ## - NOTA GENERAL
Bibliografía página 97
505 ## - NOTA DE CONTENIDO CON FORMATO
Nota de contenido formateada La justicia en Calca -- El poder de la justicia -- La plaza Sondor de calca -- El paisaje de calca ingresa a una etapa de modificación -- Clorinda Matto de turner --
942 ## - ELEMENTOS DE PUNTO DE ACCESO ADICIONAL (KOHA)
Fuente de clasificación
Tipo de item Libros-BMC
945 ## - PROCESAMIENTO DE INFORMACIÓN LOCAL (OCLC)
Catalogador pbjr
AAAA-MM-DD - Fecha de ingreso o modificacion 25-07-2025
Holdings
Estado de retiro (separado) Fuente de clasificación o esquema de estanterías Estado dañado Ubicación Sala donde se ubica Nombre de la colección Fecha de adquisición o compra Fuente de adquisición Costo, precio normal en soles Signatura topográfica Código de Barras Última vez visto (Koha) Tipo de ítem (Koha)
No     Sala Humanidades Sala Humanidades Book Cart 2025-07-25 Depósito legal 10.00 985.613 / C513 SH0000016953 2025-07-25 Libros-BMC

Powered by Koha